000 01082nam a2200301 i 4500
001 184368
003 ES-MaACL
005 20250815144659.0
008 150717s1969 sp ab |||| |dspa d
080 _a75.033.3
080 _a75(540)
100 1 _aLévêque, Jean-Jacques.
_971931
245 1 0 _aPintura islámica e india /
_cJean-Jacques Lévêque, Nicole Ménant ; [versión española al cuidado de Rafael Santos Torroella].
260 _aMadrid :
_bAguilar,
_c1969.
300 _a207 p. :
_bil. col. y n., mapas ;
_c27 cm.
490 1 _aHistoria general de la pintura ;
_v26
500 _aCronología.
500 _aÍndice.
504 _aBibliografia: p. 204.
505 8 _aContiene: ;
_tLa pintura islámica ;
_tLa pintura india
650 7 _aPintura musulmana
_2embne
_9157146
650 7 _aPintura india
_2embne
_9157147
700 1 _aMénant, Nicole.
_980070
700 1 _aSantos Torroella, Rafael.
_9103536
830 0 _aHistoria general de la pintura ;
_v26
_9192109
852 _aES-MaACL
_jE-15670
_z. - enc. cart.
999 _c184368
_d184368